[Event "XV C.to Mondiale seniores femminile"]
[Site "Lignano Sabbiadoro ITA"]
[Date "2005.10.04"]
[Round "6"]
[White "Shestoperova, Aleksandra S."]
[Black "Dotan, Valeria"]
[Result "1-0"]
[WhiteElo "2167"]
[BlackElo "2009"]
[PlyCount "191"]
[EventDate "2005.09.28"]

1. d4 Nf6 2. Nf3 e6 3. e3 c5 4. Nbd2 b6 5. Bd3 Bb7 6. c3 Nc6 7. Qe2 Be7 8. O-O
O-O 9. Re1 d6 10. b3 Re8 11. Bb2 Bf8 12. Rad1 Qc7 13. c4 e5 14. dxe5 dxe5 15.
Ne4 Nd7 16. Bb1 Rad8 17. Nc3 Nf6 18. Nd5 Nxd5 19. cxd5 Nb8 20. e4 g6 21. Ng5 h6
22. Nh3 Bc8 23. Kh1 Bg7 24. Ng1 Kh7 25. Qd2 Qd6 26. Qc3 Nd7 27. f4 f6 28. f5 g5
29. Qf3 Nf8 30. h4 Qe7 31. Nh3 Rd6 32. Qh5 Red8 33. hxg5 fxg5 34. Bc1 Bf6 35.
Nf2 Qe8 36. Qh3 Qe7 37. g3 Bg7 38. Kg2 Kg8 39. Ng4 Nh7 40. Bb2 Re8 41. Rh1 Qf8
42. Rd2 Bd7 43. a4 a5 44. Bd3 Re7 45. Rf2 Qe8 46. Ne3 Qb8 47. Nc4 Rf6 48. g4
Rf8 49. Qg3 Ree8 50. d6 Bc6 51. Bxe5 Qb7 52. Bxg7 Bxe4+ 53. Bxe4 Qxe4+ 54. Qf3
Kxg7 55. d7 Re7 56. Rd1 Rd8 57. Nxb6 Nf6 58. Qxe4 Rxe4 59. Rfd2 Rxg4+ 60. Kf1
Rh4 61. Kg1 Rg4+ 62. Rg2 Rf4 63. Rf2 Rg4+ 64. Kf1 Rh4 65. Ke1 Rh1+ 66. Rf1 Rh3
67. Rb1 Rd3 68. Ke2 Rd4 69. Rfd1 Nxd7 70. Rxd4 cxd4 71. Nc4 Nc5 72. Nxa5 Kf6
73. b4 Nxa4 74. Kd3 Nc3 75. Rh1 Kxf5 76. Rxh6 Nd5 77. Nc6 Nf4+ 78. Kc4 Rd7 79.
Nxd4+ Ke4 80. Nc6 g4 81. Rh8 Rg7 82. Re8+ Kf3 83. Nd4+ Kf2 84. Rf8 Rc7+ 85. Kb3
g3 86. Rxf4+ Ke3 87. Rg4 Rd7 88. Nf5+ Kf3 89. Rxg3+ Kf4 90. Re3 Kxf5 91. Kc4
Kf6 92. b5 Re7 93. Rxe7 Kxe7 94. Kc5 Kd7 95. Kb6 Kc8 96. Ka7 1-0

[Event "XV C.to Mondiale seniores femminile"]
[Site "Lignano Sabbiadoro ITA"]
[Date "2005.10.04"]
[Round "6"]
[White "Sotter, Gerlinde"]
[Black "Epstein, Esther"]
[Result "0-1"]
[WhiteElo "1896"]
[BlackElo "2173"]
[PlyCount "46"]
[EventDate "2005.09.28"]

1. Nf3 c5 2. d4 cxd4 3. Nxd4 g6 4. e3 Bg7 5. Be2 Nf6 6. O-O O-O 7. c4 Nc6 8.
Nc3 a6 9. Rb1 d6 10. Bf3 Ne5 11. Be2 h5 12. b3 d5 13. Nxd5 Nxd5 14. cxd5 Qxd5
15. Bb2 Rd8 16. Rc1 Qd6 17. Rc2 Ng4 18. Bxg4 Bxg4 19. Qc1 e5 20. Nf3 Rac8 21.
Rxc8 Rxc8 22. Ba3 Qf6 23. Qd2 Bxf3 0-1

[Event "XV C.to Mondiale seniores femminile"]
[Site "Lignano Sabbiadoro ITA"]
[Date "2005.10.06"]
[Round "7"]
[White "Beliaeva, Natalia"]
[Black "Sotter, Gerlinde"]
[Result "1-0"]
[WhiteElo "2108"]
[BlackElo "1896"]
[PlyCount "107"]
[EventDate "2005.09.28"]

1. d4 Nf6 2. Nf3 g6 3. g3 Bg7 4. Bg2 O-O 5. O-O d6 6. c4 Nbd7 7. Nc3 c5 8. e4
a6 9. h3 cxd4 10. Nxd4 Ne5 11. b3 Nfd7 12. Be3 Nc6 13. Kh2 Nxd4 14. Bxd4 Ne5
15. Nd5 Nc6 16. Bb6 Qd7 17. Rc1 a5 18. Be3 Ra6 19. Qd2 e6 20. Nc3 Qe7 21. Nb5
Rd8 22. Rfd1 Bf8 23. Bf4 e5 24. Bg5 f6 25. Be3 Be6 26. f4 Raa8 27. Rc3 Rd7 28.
Rd3 exf4 29. Bxf4 Ne5 30. Rxd6 Rxd6 31. Qxd6 Qf7 32. Qc7 Rc8 33. Qxa5 Nc6 34.
Qd2 g5 35. Nd6 Bxd6 36. Bxd6 Qh5 37. Rf1 Kg7 38. Qf2 Qg6 39. c5 Ra8 40. Rd1 Rd8
41. Rd2 Rd7 42. Rb2 Rf7 43. b4 Qh5 44. a3 f5 45. exf5 Bxf5 46. Qe2 Qh6 47. b5
Na5 48. Qe5+ Qf6 49. Bd5 Rd7 50. Qxf6+ Kxf6 51. g4 Bd3 52. a4 Bc4 53. Rf2+ Kg7
54. Be5+ 1-0

[Event "XV C.to Mondiale seniores femminile"]
[Site "Lignano Sabbiadoro ITA"]
[Date "2005.10.06"]
[Round "7"]
[White "Dekic, Biljana N."]
[Black "Epstein, Esther"]
[Result "0-1"]
[WhiteElo "2134"]
[BlackElo "2173"]
[PlyCount "106"]
[EventDate "2005.09.28"]

1. e4 c5 2. Nf3 e6 3. c3 d5 4. e5 Bd7 5. Na3 Nh6 6. Nc2 Nf5 7. d4 c4 8. Be2 h5
9. O-O Be7 10. Ne3 Nc6 11. Nxf5 exf5 12. Ne1 g5 13. f4 g4 14. b3 b5 15. Nc2 Be6
16. Ba3 Rb8 17. Bxe7 Qxe7 18. Qd2 O-O 19. b4 Rfd8 20. Rfe1 Qf8 21. Ne3 Ne7 22.
g3 Qh6 23. Ng2 Ng6 24. Kf2 h4 25. Rh1 Kg7 26. Qe3 Rh8 27. Nxh4 Nxh4 28. gxh4
Qxh4+ 29. Qg3 Rb6 30. Qxh4 Rxh4 31. Bf1 Ra6 32. a3 Ra4 33. Kg3 Rh6 34. Bg2 Rh8
35. h3 gxh3 36. Bxh3 a5 37. Bg2 Ra8 38. Kf3 axb4 39. cxb4 Rxa3+ 40. Rxa3 Rxa3+
41. Ke2 Rb3 42. Bf3 Rxb4 43. Rg1+ Kf8 44. Ra1 Rb2+ 45. Ke3 Rb3+ 46. Kf2 b4 47.
Be2 Ra3 48. Rb1 b3 49. Bd1 Bd7 50. Ke1 Ra2 51. Bf3 Bc6 52. Be2 Ba4 53. Bf3 c3
0-1

[Event "XV C.to Mondiale seniores femminile"]
[Site "Lignano Sabbiadoro ITA"]
[Date "2005.10.06"]
[Round "7"]
[White "Dotan, Valeria"]
[Black "Kabanova, Irina"]
[Result "1-0"]
[WhiteElo "2009"]
[BlackElo "2046"]
[PlyCount "169"]
[EventDate "2005.09.28"]

1. Nf3 c5 2. c4 Nf6 3. Nc3 g6 4. d4 cxd4 5. Nxd4 Bg7 6. e4 d6 7. Be2 Nc6 8. Nc2
Bd7 9. Be3 Qc8 10. Qd2 Ne5 11. b3 h6 12. Rc1 Nc6 13. O-O h5 14. Rfe1 O-O 15. f3
Ne8 16. Nd4 Nxd4 17. Bxd4 Bc6 18. Bf1 e5 19. Be3 Kh7 20. Qf2 b6 21. Red1 Qe6
22. Rc2 Nf6 23. Bc1 Rfd8 24. a4 Rd7 25. Ba3 Ne8 26. Rcd2 Rad8 27. Nb5 Bxb5 28.
axb5 Bf6 29. Ra2 Be7 30. Bd3 Ng7 31. Rda1 Rc7 32. Bb4 Rdd7 33. g3 Bf6 34. h4
Qe7 35. Bf1 Ne6 36. Bh3 Bg7 37. Rd1 Rd8 38. Bxe6 Qxe6 39. Rad2 Rcd7 40. Kh2 Bf8
41. Qg2 Be7 42. Rd5 Kg7 43. Bc3 Kh7 44. Bb2 Bf8 45. Bc1 Bh6 46. Qh3 Bxc1 47.
Rxc1 Kg7 48. Rcd1 Qxh3+ 49. Kxh3 Kf6 50. g4 hxg4+ 51. fxg4 Ke6 52. g5 f6 53.
gxf6 Kxf6 54. Kg4 Ke6 55. Rf1 Rf7 56. Rxf7 Kxf7 57. Rd2 Rd7 58. Kg5 Kg7 59. Ra2
Rc7 60. Rh2 Kg8 61. Rd2 Rd7 62. b4 Rd8 63. c5 bxc5 64. bxc5 Rb8 65. cxd6 Kf7
66. d7 Rd8 67. Rd5 Kg7 68. Rxe5 Rxd7 69. Re6 Rb7 70. Rxg6+ Kf7 71. Rf6+ Kg7 72.
Rf5 Rb6 73. Rc5 a6 74. Rc7+ Kg8 75. bxa6 Rxa6 76. e5 Re6 77. Kf5 Rh6 78. Kg5
Re6 79. Rc5 Kh7 80. h5 Kg7 81. Rc7+ Kg8 82. Kf5 Rh6 83. e6 Kf8 84. Rc8+ Kg7 85.
e7 1-0

[Event "XV C.to Mondiale seniores femminile"]
[Site "Lignano Sabbiadoro ITA"]
[Date "2005.10.06"]
[Round "7"]
[White "Dragasevic Georgieva, Antonina"]
[Black "Fatalibekova, Elena"]
[Result "1-0"]
[WhiteElo "2148"]
[BlackElo "2302"]
[PlyCount "113"]
[EventDate "2005.09.28"]

1. d4 Nf6 2. Nf3 c5 3. e3 g6 4. b3 Bg7 5. Be2 O-O 6. O-O b6 7. Bb2 Bb7 8. c4 d6
9. Nc3 Nbd7 10. Qc2 e6 11. Rfd1 Qe7 12. a3 Rac8 13. Rac1 cxd4 14. Nxd4 d5 15.
cxd5 exd5 16. Qb1 Ne5 17. h3 a6 18. Bf1 Rfe8 19. Qa1 b5 20. Rd2 Nh5 21. Nce2
Bh6 22. Rdc2 Nd3 23. Rxc8 Bxc8 24. Nc6 Qd6 25. Be5 Nxe5 26. Nxe5 Bg7 27. f4 Bb7
28. g4 Rxe5 29. fxe5 Bxe5 30. Nd4 Bh2+ 31. Kh1 Ng3+ 32. Kxh2 Nxf1+ 33. Kg1 Nxe3
34. Ne2 Qe6 35. Qd4 h5 36. Kf2 hxg4 37. Qxe3 Qf6+ 38. Qf4 Qh4+ 39. Qg3 Qf6+ 40.
Kg1 gxh3 41. Qxh3 d4 42. Qg3 d3 43. Qxd3 Bf3 44. Ng3 Qf4 45. Qd8+ Kh7 46. Qc7
Qe3+ 47. Kf1 Bd5 48. Rc3 Qe6 49. Qf4 Qh3+ 50. Ke1 Qh2 51. Qf2 Qh4 52. Qe3 Qf6
53. Ne2 Qf5 54. Qh3+ Qxh3 55. Rxh3+ Kg7 56. b4 f5 57. Rd3 1-0

[Event "XV C.to Mondiale seniores femminile"]
[Site "Lignano Sabbiadoro ITA"]
[Date "2005.10.06"]
[Round "7"]
[White "Erenska-Barlo, Hanna"]
[Black "Shestoperova, Aleksandra S."]
[Result "1-0"]
[WhiteElo "2247"]
[BlackElo "2167"]
[PlyCount "117"]
[EventDate "2005.09.28"]

1. e4 c5 2. Nf3 Nc6 3. Nc3 e6 4. g3 d6 5. Bg2 Nf6 6. O-O Be7 7. d4 cxd4 8. Nxd4
Nxd4 9. Qxd4 e5 10. Qd3 a6 11. Rd1 Bg4 12. Re1 Be6 13. a4 Qc7 14. Be3 Ng4 15.
Nd5 Bxd5 16. Qxd5 Nxe3 17. Rxe3 Qc6 18. Qb3 O-O 19. Bh3 b5 20. Rc3 Qb7 21. Bf1
b4 22. Rc4 a5 23. c3 Rac8 24. cxb4 Rxc4 25. Bxc4 axb4 26. a5 Qa7 27. Bd5 g6 28.
a6 Bd8 29. Qxb4 Bb6 30. Qd2 Bd4 31. Kg2 Kg7 32. Ra2 f5 33. exf5 Rxf5 34. f3 Be3
35. Qb4 Kh6 36. b3 Qc7 37. Qc4 Qa7 38. b4 Rf8 39. Re2 Bd4 40. Qc1+ Kg7 41. Bb7
Rf7 42. Qc6 Qb8 43. Rc2 Qd8 44. h4 Ba7 45. Rd2 Rd7 46. Qb5 h5 47. Be4 Kh6 48.
Qc6 Be3 49. Rc2 Ba7 50. b5 Rg7 51. Rd2 Rd7 52. Rd1 Bc5 53. Qa8 Qa5 54. Qh8+ Rh7
55. Qf6 Rg7 56. Qg5+ Kh7 57. Qxh5+ Kg8 58. Bd5+ Kf8 59. Qh8+ 1-0

[Event "XV C.to Mondiale seniores femminile"]
[Site "Lignano Sabbiadoro ITA"]
[Date "2005.10.06"]
[Round "7"]
[White "Hoose, Hannelore"]
[Black "Tomba, Patrizia"]
[Result "0-1"]
[WhiteElo "1871"]
[BlackElo "1622"]
[PlyCount "125"]
[EventDate "2005.09.28"]

1. e4 e5 2. Nf3 Nc6 3. Bc4 Bc5 4. O-O Nf6 5. Ng5 O-O 6. d3 h6 7. Nf3 d6 8. c3
Bg4 9. b4 Bb6 10. Qe2 a6 11. Be3 Bxe3 12. Qxe3 Ne7 13. Nbd2 Ng6 14. h3 Bd7 15.
a4 Nf4 16. Nh2 N6h5 17. Kh1 Kh8 18. Ndf3 f5 19. Ng1 fxe4 20. dxe4 Qg5 21. g3
Nxh3 22. Qxg5 Nxg5 23. Be2 Nf6 24. f3 c6 25. c4 Be6 26. Rfd1 d5 27. exd5 cxd5
28. c5 d4 29. Kg2 Nd5 30. Rd2 Nxb4 31. a5 Nc6 32. Rb2 Rab8 33. Rb6 Bd5 34. Kf2
e4 35. f4 e3+ 36. Ke1 Ne4 37. Nf1 Nc3 38. Bf3 Bxf3 39. Nxf3 Rfe8 40. Nh4 d3 41.
Nf3 d2+ 42. N3xd2 exd2+ 43. Kxd2 Ne4+ 44. Kc2 Nxc5 45. Rbb1 Re2+ 46. Kc3 Rd8
47. Rd1 Rxd1 48. Rxd1 Re8 49. Rd5 Ne4+ 50. Kc4 Rd8 51. Rxd8+ Nxd8 52. Kd5 Nf6+
53. Kd6 Nc6 54. Kc5 Nxa5 55. Kb6 Nb3 56. Kxb7 a5 57. Ne3 a4 58. Nc2 Ne4 59. g4
Ned2 60. Na3 Ne4 61. g5 Kg8 62. gxh6 gxh6 63. Kb6 0-1

[Event "XV C.to Mondiale seniores femminile"]
[Site "Lignano Sabbiadoro ITA"]
[Date "2005.10.07"]
[Round "8"]
[White "Dotan, Valeria"]
[Black "Erenska-Barlo, Hanna"]
[Result "1/2-1/2"]
[WhiteElo "2009"]
[BlackElo "2247"]
[PlyCount "54"]
[EventDate "2005.09.28"]

1. Nf3 Nf6 2. c4 e6 3. g3 b6 4. Bg2 Bb7 5. O-O Be7 6. Nc3 O-O 7. d4 d5 8. cxd5
Nxd5 9. Re1 c5 10. Nxd5 exd5 11. b3 Nd7 12. Bb2 Nf6 13. Ne5 Rc8 14. Rc1 Rc7 15.
Rc2 cxd4 16. Bxd4 Bb4 17. Rf1 Bd6 18. Nd3 Ne4 19. Rxc7 Qxc7 20. Qa1 f6 21. Rc1
Qe7 22. Rc2 Rd8 23. e3 Bc8 24. Qd1 Be6 25. Nf4 Bxf4 26. gxf4 Rc8 27. Rxc8+ Bxc8
1/2-1/2

[Event "XV C.to Mondiale seniores femminile"]
[Site "Lignano Sabbiadoro ITA"]
[Date "2005.10.07"]
[Round "8"]
[White "Epstein, Esther"]
[Black "Shestoperova, Aleksandra S."]
[Result "1/2-1/2"]
[WhiteElo "2173"]
[BlackElo "2167"]
[PlyCount "160"]
[EventDate "2005.09.28"]

1. e4 b6 2. d4 Bb7 3. Nc3 e6 4. Nf3 d6 5. Bb5+ c6 6. Bd3 g6 7. Bg5 Qc7 8. Qd2
Bg7 9. h4 h6 10. Bf4 Nd7 11. O-O-O O-O-O 12. Kb1 e5 13. Be3 Ne7 14. g4 Kb8 15.
Rhg1 exd4 16. Nxd4 Nc5 17. Be2 Nc8 18. f4 Qe7 19. Qe1 Nd7 20. Bf3 Nc5 21. Qf2
Ne6 22. Nde2 Nc7 23. g5 hxg5 24. hxg5 Rde8 25. Bd4 Bxd4 26. Qxd4 Ne6 27. Qc4 b5
28. Qb4 Qc7 29. Nxb5 cxb5 30. Qxb5 Qb6 31. Qa4 Bc6 32. Qa3 Qc5 33. Qb3+ Qb5 34.
Qc3 Qb7 35. Nd4 Nxd4 36. Rxd4 Rh3 37. Rd3 Rd8 38. Bg4 Rxd3 39. cxd3 Nb6 40. Rc1
Bd7 41. Bxd7 Qxd7 42. Qb3 d5 43. f5 dxe4 44. dxe4 gxf5 45. Qg3+ Qd6 46. e5 Qd3+
47. Qxd3 Rxd3 48. Rf1 Rg3 49. Rxf5 Nd7 50. Kc2 a6 51. Kd2 Kc8 52. Rxf7 Rxg5 53.
e6 Ne5 54. Rf8+ Kc7 55. e7 Nc4+ 56. Kc3 Nd6 57. e8=Q Nxe8 58. Rxe8 Rg4 59. Re6
Kb7 60. Rd6 Rh4 61. b4 Rh1 62. Rd3 Kc6 63. Rg3 Rc1+ 64. Kb3 Ra1 65. Rg6+ Kb7
66. Rh6 Rg1 67. Rh3 Kb6 68. a4 Rb1+ 69. Kc4 Rc1+ 70. Rc3 Ra1 71. a5+ Kb7 72.
Kc5 Rg1 73. Rd3 Rc1+ 74. Kd5 Rg1 75. Re3 Rd1+ 76. Kc5 Rc1+ 77. Kd5 Rd1+ 78. Kc4
Rc1+ 79. Rc3 Rg1 80. Rc2 Rg4+ 1/2-1/2

[Event "XV C.to Mondiale seniores femminile"]
[Site "Lignano Sabbiadoro ITA"]
[Date "2005.10.07"]
[Round "8"]
[White "Fatalibekova, Elena"]
[Black "Kabanova, Irina"]
[Result "1-0"]
[WhiteElo "2302"]
[BlackElo "2046"]
[PlyCount "77"]
[EventDate "2005.09.28"]

1. d4 Nf6 2. Nf3 e6 3. e3 d5 4. Bd3 Nbd7 5. O-O c6 6. Nbd2 Bd6 7. e4 dxe4 8.
Nxe4 Nxe4 9. Bxe4 Nf6 10. Bg5 h6 11. Bxf6 Qxf6 12. Qe2 Bd7 13. c4 g6 14. Rad1
Rd8 15. c5 Bc7 16. b4 a6 17. Bc2 O-O 18. Ne5 Be8 19. Rd3 Qg7 20. f4 f6 21. Nc4
Bf7 22. Bb3 Rd7 23. g3 Rfd8 24. Rfd1 Kh7 25. a4 g5 26. fxg5 hxg5 27. a5 f5 28.
Qf2 Bh5 29. Re1 Bf7 30. Red1 Bh5 31. Re1 Bf7 32. Nb6 Rxd4 33. Rxd4 Rxd4 34.
Bxe6 Bxe6 35. Rxe6 Qf7 36. Qe2 Bd8 37. Nc4 Bf6 38. Nd6 Qg7 39. Qh5+ 1-0

[Event "XV C.to Mondiale seniores femminile"]
[Site "Lignano Sabbiadoro ITA"]
[Date "2005.10.07"]
[Round "8"]
[White "Saunina, Ludmila"]
[Black "Dragasevic Georgieva, Antonina"]
[Result "1-0"]
[WhiteElo "2279"]
[BlackElo "2148"]
[PlyCount "67"]
[EventDate "2005.09.28"]

1. e4 c5 2. Nf3 d6 3. d4 cxd4 4. Nxd4 Nf6 5. Nc3 g6 6. Be2 Bg7 7. O-O O-O 8.
Be3 Nc6 9. Nb3 a5 10. a4 Nb4 11. f4 Qc7 12. Nd4 Bd7 13. Kh1 e5 14. Ndb5 Bxb5
15. axb5 Nd7 16. f5 Rac8 17. Rc1 Nc5 18. Qd2 Rfd8 19. Bh6 Bh8 20. Bg5 Rf8 21.
Bg4 Ra8 22. Rfd1 f6 23. Be3 Rad8 24. Be2 Bg7 25. Bc4+ Kh8 26. Nd5 Qf7 27. c3
Nxd5 28. Bxd5 Qc7 29. Qe2 a4 30. fxg6 hxg6 31. Qg4 Rf7 32. Qxg6 Rdd7 33. Bxc5
dxc5 34. Rd3 1-0

[Event "XV C.to Mondiale seniores femminile"]
[Site "Lignano Sabbiadoro ITA"]
[Date "2005.10.07"]
[Round "8"]
[White "Tomba, Patrizia"]
[Black "Abdikasova, Panu"]
[Result "0-1"]
[WhiteElo "1622"]
[BlackElo "2041"]
[PlyCount "116"]
[EventDate "2005.09.28"]

1. e4 g6 2. d4 c6 3. Nf3 d5 4. Nc3 Bg7 5. e5 Bg4 6. Be2 Nd7 7. O-O e6 8. h3
Bxf3 9. Bxf3 h5 10. Be3 Nh6 11. Qd2 Nf5 12. Bg5 Qb6 13. Be3 Nxe3 14. fxe3 O-O-O
15. Rab1 Rdf8 16. b4 Qc7 17. Na4 b6 18. Be2 f6 19. Ba6+ Kd8 20. exf6 Rxf6 21.
b5 Nb8 22. Rxf6 Bxf6 23. Qe2 Nxa6 24. bxa6 Rf8 25. c3 Be7 26. Rf1 Rxf1+ 27.
Qxf1 Ke8 28. Qd3 Kf7 29. Qf1+ Kg7 30. Qf2 Bd6 31. Nb2 Qc8 32. Nd3 Qxa6 33. Nf4
Qc8 34. Qg3 Bxf4 35. Qxf4 Qd7 36. Kh2 b5 37. Qf2 c5 38. dxc5 Qc7+ 39. Qg3 e5
40. Kg1 Kf6 41. Qf2+ Ke6 42. Qg3 Qf7 43. c6 Qf5 44. Qf2 Qxf2+ 45. Kxf2 Kd6 46.
c7 Kxc7 47. Kf3 Kd6 48. e4 g5 49. Ke3 a5 50. a3 Kc5 51. exd5 Kxd5 52. Kd3 h4
53. Ke3 e4 54. Kd2 Ke5 55. Ke3 a4 56. Ke2 Kf4 57. Kf2 e3+ 58. Ke2 Ke4 0-1

[Event "XV C.to Mondiale seniores femminile"]
[Site "Lignano Sabbiadoro ITA"]
[Date "2005.10.09"]
[Round "9"]
[White "Abdikasova, Panu"]
[Black "Fatalibekova, Elena"]
[Result "0-1"]
[WhiteElo "2041"]
[BlackElo "2302"]
[PlyCount "116"]
[EventDate "2005.09.28"]

1. e4 c5 2. d4 cxd4 3. Nf3 Nc6 4. c3 Nf6 5. e5 Nd5 6. Bc4 e6 7. O-O d6 8. Re1
dxe5 9. Nxe5 Nxe5 10. Rxe5 Bd6 11. Re4 Bxh2+ 12. Kh1 O-O 13. Bxd5 exd5 14. Rxd4
Be5 15. Be3 Bxd4 16. Qxd4 Be6 17. Nd2 b6 18. Nf3 Rc8 19. Rd1 Rc4 20. Qd3 Qf6
21. Nd4 Re8 22. Kg1 Qg6 23. Qxg6 hxg6 24. f3 a6 25. Kf2 b5 26. Ne2 a5 27. b3
Rcc8 28. Bd2 Rb8 29. Nd4 Rb7 30. Nc6 Ra8 31. b4 axb4 32. Nxb4 Rc7 33. Rb1 Rc4
34. Rb2 d4 35. cxd4 Rxd4 36. a3 Rxa3 37. Nc6 Rc4 38. Nd8 Bd7 39. Nb7 Rc7 40.
Nd6 Raa7 41. Ne4 f6 42. Nc3 Ra8 43. Ke3 Rcc8 44. Nd5 Ra3+ 45. Kf2 Rb8 46. Ne3
Be6 47. Bb4 Rd3 48. Ba5 Ra3 49. Bd2 Ra2 50. Rxa2 Bxa2 51. Nd1 Rb7 52. Ke2 Bc4+
53. Ke3 Re7+ 54. Kd4 Re2 55. Kc3 Rxg2 56. Ne3 Rg3 57. f4 Rf3 58. Kb4 Rxf4 0-1

[Event "XV C.to Mondiale seniores femminile"]
[Site "Lignano Sabbiadoro ITA"]
[Date "2005.10.09"]
[Round "9"]
[White "Dotan, Valeria"]
[Black "Saunina, Ludmila"]
[Result "0-1"]
[WhiteElo "2009"]
[BlackElo "2279"]
[PlyCount "86"]
[EventDate "2005.09.28"]

1. Nf3 d5 2. d4 Nf6 3. c4 e6 4. g3 dxc4 5. Qc2 a6 6. Bg2 Nbd7 7. Qxc4 b5 8. Qc2
Bb7 9. O-O c5 10. dxc5 Bxc5 11. e3 Rc8 12. Qe2 O-O 13. Rd1 Qc7 14. Nbd2 Rfd8
15. Nb3 Be7 16. Bd2 b4 17. Rac1 Qb6 18. Rxc8 Rxc8 19. Rc1 Rxc1+ 20. Nxc1 Bd5
21. Nb3 a5 22. Nc1 h6 23. b3 Ne4 24. Qd3 Qb7 25. Ne1 Ndc5 26. Qc2 Ng5 27. h4
Bxg2 28. hxg5 Be4 29. Qc4 hxg5 30. Ne2 Qd7 31. Qd4 Qb5 32. Nc1 g4 33. Qc4 Qd7
34. Qd4 Qc6 35. Qc4 e5 36. Qf1 Qh6 37. f3 gxf3 38. Nxf3 Qh5 39. Nh2 Qg6 40. Be1
Bd5 41. Kf2 Qc2+ 42. Ne2 Qf5+ 43. Kg1 Qe4 0-1

[Event "XV C.to Mondiale seniores femminile"]
[Site "Lignano Sabbiadoro ITA"]
[Date "2005.10.09"]
[Round "9"]
[White "Erenska-Barlo, Hanna"]
[Black "Dragasevic Georgieva, Antonina"]
[Result "1/2-1/2"]
[WhiteElo "2247"]
[BlackElo "2148"]
[PlyCount "143"]
[EventDate "2005.09.28"]

1. e4 d5 2. exd5 Qxd5 3. Nc3 Qa5 4. g3 Nf6 5. Bg2 c6 6. Nf3 Bg4 7. h3 Bh5 8. a3
e6 9. Rb1 Nbd7 10. b4 Qc7 11. g4 Bg6 12. Nh4 Bd6 13. d3 Nd5 14. Ne2 N7f6 15.
Nxg6 hxg6 16. c4 Nf4 17. Nxf4 Bxf4 18. Bxf4 Qxf4 19. Qe2 a6 20. Qe3 Qd6 21. f4
Rd8 22. Rd1 Qd4 23. Qxd4 Rxd4 24. Rf1 Ke7 25. Kd2 Rhd8 26. Kc3 R4d7 27. Rf2 Rc7
28. d4 Ra8 29. Rb1 Rd8 30. Re2 Rcd7 31. Rd1 Rc7 32. Bf3 Rcd7 33. Rb2 Rc7 34.
Bg2 Rcd7 35. a4 Rc7 36. a5 Rcd7 37. Re2 Rc7 38. Re5 Nd7 39. Re3 Nf6 40. f5 gxf5
41. gxf5 Rd6 42. Rde1 Rcd7 43. fxe6 Rxe6 44. Rxe6+ fxe6 45. Re5 Rd8 46. Rg5 Kf7
47. Kd3 Rd7 48. Bf3 Rd8 49. Ke3 Rh8 50. Bg2 Rd8 51. b5 axb5 52. cxb5 Nd5+ 53.
Bxd5 exd5 54. Rg2 Rh8 55. bxc6 Rxh3+ 56. Kf4 bxc6 57. Ra2 Rh8 58. Ke5 Ke7 59.
a6 Rh5+ 60. Kf4 Rh8 61. Rb2 Kd6 62. Rb7 Rh4+ 63. Ke3 Rh3+ 64. Kd2 Ra3 65. a7 g5
66. Rg7 g4 67. Rxg4 Rxa7 68. Rg8 Ra3 69. Rg7 Rh3 70. Ra7 Ke6 71. Rc7 Kf5 72.
Re7 1/2-1/2

[Event "XV C.to Mondiale seniores"]
[Site "Lignano Sabbiadoro ITA"]
[Date "2005.09.28"]
[Round "1"]
[White "Akopian, Gagik"]
[Black "Gutzeit, Avraham"]
[Result "0-1"]
[WhiteElo "2258"]
[BlackElo "2091"]
[PlyCount "186"]
[EventDate "2005.09.28"]

1. e4 e5 2. Nf3 Nc6 3. d4 exd4 4. Bc4 Nf6 5. e5 d5 6. Bb5 Ne4 7. Nxd4 Bd7 8.
Bxc6 bxc6 9. O-O Qh4 10. f3 Nc5 11. Be3 Qh5 12. Re1 Be7 13. Kh1 O-O 14. Nd2
Qxe5 15. Nxc6 Qf6 16. Nxe7+ Qxe7 17. Nb3 Nxb3 18. axb3 Be6 19. Qd4 a6 20. Bd2
Qd7 21. Bc3 f6 22. Re2 Rfe8 23. Rb1 Bf7 24. Qd3 Rxe2 25. Qxe2 c5 26. Ra1 d4 27.
Be1 Qc6 28. Bf2 Qb6 29. Qd2 Rc8 30. Kg1 Bg6 31. h4 h5 32. Qe2 Rc6 33. Qc4+ Kh7
34. Re1 Qb5 35. Qd5 Rc7 36. f4 Qd7 37. Qxd7 Rxd7 38. Re2 Bf5 39. Rd2 Rc7 40. c3
d3 41. Rd1 Kg6 42. Be3 Be4 43. Kf2 Kf5 44. g3 Rb7 45. Bxc5 Rxb3 46. Rd2 Rb5 47.
b4 Rb8 48. Ra2 Re8 49. Be3 Bb7 50. c4 Re4 51. Ra5+ Kg4 52. Rc5 Re7 53. b5 axb5
54. cxb5 Bf3 55. Rc4 Be4 56. b6 Bb7 57. Rd4 Ba6 58. Ra4 Bb7 59. Rd4 Be4 60. Rd8
Kf5 61. Rd6 Re8 62. Rd7 Ra8 63. Ra7 Rc8 64. Bd2 Kg6 65. Re7 Bd5 66. Ke3 Rc6 67.
Rd7 Bg2 68. Ba5 Rc5 69. Ra7 Rb5 70. Kxd3 Kf5 71. Bc3 Rxb6 72. Rxg7 Bf3 73. Ke3
Bg4 74. Rc7 Re6+ 75. Kd3 Be2+ 76. Kd2 Bg4 77. Rc5+ Ke4 78. Rc4+ Kf3 79. f5 Ra6
80. Kc1 Kxg3 81. Be1+ Kf3 82. Bc3 Bxf5 83. Rc7 Bg4 84. Rf7 f5 85. Bd2 Rc6+ 86.
Kb2 Rc4 87. Kb3 Re4 88. Kc3 Kg3 89. Bg5 f4 90. Kd3 Ra4 91. Bd8 f3 92. Bb6 Ra2
93. Bc7+ Kg2 0-1

[Event "XV C.to Mondiale seniores"]
[Site "Lignano Sabbiadoro ITA"]
[Date "2005.09.28"]
[Round "1"]
[White "Altshul, Raffael"]
[Black "Kummer, Heinz"]
[Result "1-0"]
[WhiteElo "2268"]
[BlackElo "1998"]
[PlyCount "61"]
[EventDate "2005.09.28"]

1. d4 Nf6 2. c4 g6 3. Nc3 Bg7 4. e4 d6 5. Be2 O-O 6. Nf3 e5 7. d5 a5 8. h4 Na6
9. Nd2 Nc5 10. h5 Bd7 11. Qc2 Rb8 12. Nb3 b6 13. Bg5 c6 14. Nxc5 bxc5 15. O-O-O
Qc7 16. hxg6 fxg6 17. dxc6 Bxc6 18. Rh4 a4 19. Nb5 Bxb5 20. cxb5 d5 21. exd5
Qd6 22. Rxa4 Nh5 23. Ra6 Qd7 24. d6 Nf4 25. Bc4+ Kh8 26. g3 Nh5 27. Be3 e4 28.
a4 Qf5 29. d7 Rbd8 30. Be6 Qf3 31. Bxc5 1-0

[Event "XV C.to Mondiale seniores"]
[Site "Lignano Sabbiadoro ITA"]
[Date "2005.09.28"]
[Round "1"]
[White "Barlocco, Carlo"]
[Black "Smits, Oswald"]
[Result "1-0"]
[WhiteElo "2235"]
[BlackElo "1962"]
[PlyCount "79"]
[EventDate "2005.09.28"]

1. Nf3 e6 2. e3 d5 3. c4 Nf6 4. b3 Be7 5. Bb2 b6 6. Be2 Bb7 7. O-O O-O 8. d3 c5
9. Nbd2 Nc6 10. Rc1 Rc8 11. cxd5 Nxd5 12. Ne4 Nf6 13. Ng3 Nb4 14. Ne5 Qc7 15.
a3 Nc6 16. Nxc6 Bxc6 17. Bf3 Rfd8 18. Bxc6 Qxc6 19. Qc2 Qb7 20. Rfd1 Qb8 21.
Qe2 Rd7 22. Nh5 Nxh5 23. Qxh5 Rd5 24. Qg4 Rg5 25. Qe2 Rg6 26. d4 cxd4 27. Qa6
Re8 28. Rxd4 b5 29. Rd7 Qa8 30. g3 Bf6 31. Rxa7 Qd8 32. Bxf6 Rxf6 33. Qxb5 h6
34. Rac7 Qa8 35. Qxe8+ Qxe8 36. Rc8 Kf8 37. Rxe8+ Kxe8 38. Kf1 Rf5 39. Ke2 Rd5
40. Rc3 1-0

[Event "XV C.to Mondiale seniores"]
[Site "Lignano Sabbiadoro ITA"]
[Date "2005.09.28"]
[Round "1"]
[White "Belloni, Umberto"]
[Black "Titz, Heimo"]
[Result "0-1"]
[WhiteElo "1910"]
[BlackElo "2184"]
[PlyCount "78"]
[EventDate "2005.09.28"]

1. e4 c5 2. Nf3 Nc6 3. c4 Nf6 4. Nc3 e6 5. Be2 d5 6. d3 d4 7. Nb1 e5 8. O-O Be7
9. Ne1 O-O 10. f4 exf4 11. Bxf4 Be6 12. Nd2 h6 13. h3 Bd6 14. Bh2 Bxh2+ 15.
Kxh2 Qd6+ 16. Kg1 Rab8 17. Nef3 b5 18. cxb5 Rxb5 19. b3 a5 20. Nh4 Nd7 21. Nf5
Bxf5 22. Rxf5 Nde5 23. Qf1 Qe7 24. Qf4 f6 25. Rf1 a4 26. Qg3 axb3 27. axb3 Ra5
28. Rh5 Ra2 29. Nf3 Rxe2 30. Nh4 Re3 31. Qf2 Qf7 32. g4 Rxh3 33. Qg2 Rxh4 34.
Rxh4 Nxd3 35. Qh3 Nce5 36. Kh1 Ng6 37. Rxh6 gxh6 38. Qxd3 Qe6 39. Qf3 Kg7 0-1

[Event "XV C.to Mondiale seniores"]
[Site "Lignano Sabbiadoro ITA"]
[Date "2005.09.28"]
[Round "1"]
[White "Beltrami, Nerio"]
[Black "Arkhangelsky, Boris"]
[Result "1-0"]
[WhiteElo "2045"]
[BlackElo "2384"]
[PlyCount "123"]
[EventDate "2005.09.28"]

1. e4 c5 2. Nf3 Nc6 3. Bb5 d6 4. O-O Bd7 5. c3 a6 6. Ba4 Nf6 7. Re1 b5 8. Bc2
Bg4 9. h3 Bh5 10. d3 e6 11. Nbd2 Be7 12. Nf1 O-O 13. Ng3 Bg6 14. Nh4 d5 15.
Nxg6 hxg6 16. e5 Nd7 17. d4 cxd4 18. cxd4 Rc8 19. Be3 Nb4 20. Bb1 Nb6 21. a3
Nc6 22. b3 Qd7 23. Qd2 Rc7 24. Bd3 Rfc8 25. Rec1 Qd8 26. Ne2 Qf8 27. Qb2 Nd7
28. Kh1 Ndb8 29. Bd2 Qd8 30. Rc2 g5 31. Qc1 g6 32. Qb2 Kg7 33. f3 f5 34. exf6+
Bxf6 35. Rac1 Ne7 36. a4 Rxc2 37. Rxc2 Rxc2 38. Qxc2 bxa4 39. bxa4 Nf5 40. Qc5
Qd7 41. Bb4 Ne7 42. a5 Qa4 43. Bc2 Qa1+ 44. Kh2 Nbc6 45. Bc3 Qf1 46. Bd3 Qf2
47. Bxa6 e5 48. Bb5 Nxd4 49. Bxd4 exd4 50. Qc7 d3 51. Bxd3 Qe3 52. Qc2 Be5+ 53.
Kh1 Nc6 54. a6 Nb4 55. Qc1 Qxd3 56. a7 Qa6 57. Qc5 Nd3 58. Qe7+ Kh6 59. Qf8+
Bg7 60. a8=Q Nf2+ 61. Kh2 Qxe2 62. Qh8+ 1-0